000
00277nam a2200121Ia 4500
005
20251222141825.0
008
251222s9999||||xx |||||||||||||| ||spa||
082
_a
513/S55A
100
_a
Silva Santisteban, Mario
245
0
_a
Aritmética:
264
_b
San Marcos
942
_c
LIB
999
_c
6939
_d
6939